• 首页
  • 本馆介绍
  • 公告通知
  • 最新文献
  • 馆藏检索
  • 电子资源
  • 读者导购
  • 参考咨询
  • 我的图书馆
  • 登录
  • 详细信息显示
  • 放入我的书架
  • 预约/预借图书
  • 作者相关作品
  • 分类相关作品
  • 丛书相关作品
  • 出版社相关作品

书目信息

  • 表格格式
  • 工作单格式
  • 卡片格式
题名:
环境监测
    
 
作者: 冯启言 主编 ;肖昕 , 李红艺 , 云桂春 副主编
分册:  
出版信息: 徐州   中国矿业大学出版社  2007
页数: 267页
开本: 26cm
丛书名:
单 册:
中图分类: X83
科图分类:
主题词: 环境监测--高等学校--教材 , 环境监测
电子资源:
ISBN: 978-7-81107-607-3
000 00990nam0 2200289 45
001 1050756812
005 20100420101330.32
010    @a978-7-81107-607-3@dCNY28.00
100    @a20100408e20082007ekmy0chiy0120 ea
101 0  @achi
102    @aCN@b320000
105    @ay z 000yy
106    @ar
200 1  @a环境监测@AHuan Jing Jian Ce@f冯启言主编@FFeng Qi Yan Zhu Bian@g肖昕,李红艺,云桂春副主编
210    @a徐州@c中国矿业大学出版社@d2007@h2008
215    @a267页@d26cm
300    @a中国矿业大学新世纪教材建设工程资助教材
330    @a本书共分八章,介绍了水体、大气、固体废物、土壤、生物、噪声和放射性污染物环境监测的基本原理、技术方法和监测过程中的质量保证等。
606 0  @a环境监测@x高等学校@j教材
606 0  @a环境监测
690    @aX83@v4
701  0 @a冯启言@AFeng Qi Yan@4主编
702  0 @a肖昕@AXiao Xin@4副主编
702  0 @a李红艺@ALi Hong Yi@4副主编
702  0 @a云桂春@AYun Gui Chun@4副主编
801  0 @aCN@bTANGWEI@c20100420
905    @b0590232-35@dX83@e157@f4
    
    环境监测/冯启言主编/肖昕,李红艺,云桂春副主编.-徐州:中国矿业大学出版社,2007(2008)
    267页;26cm
    中国矿业大学新世纪教材建设工程资助教材
    
    ISBN 978-7-81107-607-3:CNY28.00
    本书共分八章,介绍了水体、大气、固体废物、土壤、生物、噪声和放射性污染物环境监测的基本原理、技术方法和监测过程中的质量保证等。
●
相关链接 在E读中查询图书 在五车中查询图书 在当当中查询图书 在豆瓣中查询图书


正题名:环境监测     索取号:X83/157         预约/预借

序号 登录号 条形码 馆藏地/架位号 状态 备注
1 0590232   205902326   第二样本阅览室/ [索取号:X83/157] 在馆    
2 0590233   205902335   第三借阅区/ [索取号:X83/157] 在馆    
3 0590234   205902344   第三借阅区/ [索取号:X83/157] 在馆    
4 0590235   205902353   第三借阅区/ [索取号:X83/157] 在馆    
唐山师范学院图书馆 欢迎您!
大连网信软件有限公司© 版权所有